| 000 | 01444nam0a2200397 4500 | ||
|---|---|---|---|
| 001 | RU\NLR\BIBL_A\010190938 | ||
| 005 | 20260405221413.0 | ||
| 010 |
_a978-5-699-69239-2 _95000 |
||
| 021 |
_aRU _b2013-103340 _97178 |
||
| 035 | _a(NILC)RuMoRGB-006716015 | ||
| 035 | _a(NLR Aleph) 010190938 | ||
| 090 |
_a10197091 _c10197091 |
||
| 100 | _a20140213d2013 |||y0rusy50 ca | ||
| 101 | 0 | _arus | |
| 102 | _aRU | ||
| 105 | _ay|||z|||000yy | ||
| 200 | 1 |
_aБезглютеновая диета по-русски _fд-р Нонна |
|
| 210 |
_aМосква _cЭксмо _d2013 |
||
| 215 |
_a220, [1] с. _d20 |
||
| 225 | 1 | _aДоктор Нонна рекомендует | |
| 300 | _aНа 4-й с. обл. авт.: д-р Нонна - акад. | ||
| 606 | 1 |
_aВес тела _xВлияние питания без глютена _92204247 _3RU\NLR\AUTH\6601558997 |
|
| 606 | 1 |
_aДиетические блюда _xРецептура _92080802 _3RU\NLR\AUTH\661256754 |
|
| 610 | 0 | _aбезглютеновая диета | |
| 675 | _a613.2 | ||
| 686 | 1 | _aЛ996.5 | |
| 686 | 1 | _aР123.0 | |
| 700 | 0 |
_8rus _7ca _aДоктор Нонна _f1954- _cпсевдоним _3RU\NLR\AUTH\7799730 _982656 |
|
| 801 | 0 |
_aRU _bRuMoRKP _c20131219 _gRCR |
|
| 801 | 2 |
_aRU _bРГБ _c20140206 _grcr |
|
| 801 | 1 |
_aRU _bRuMoRKP _c20131219 _2rusmarc |
|
| 942 | _cBOOK | ||
| 980 | _aNBR | ||
| 980 | _aNB | ||